Online Catalogue and eLibrary

Purawes kathikawathkata perawadanak (Record no. 5856)

MARC details
000 -LEADER
fixed length control field 00424nam a2200157Ia 4500
005 - DATE AND TIME OF LATEST TRANSACTION
control field 20250623021514.0
008 - FIXED-LENGTH DATA ELEMENTS--GENERAL INFORMATION
fixed length control field 240331s9999 xx 000 0 und d
020 ## - INTERNATIONAL STANDARD BOOK NUMBER
ISBN 9789554746299
082 ## - DDC Classification
Item Number - Author Mark GUR
Class No. 323
100 ## - MAIN ENTRY--PERSONAL NAME
Personal name Guruge, Lionel
245 #0 - TITLE STATEMENT
Title Purawes kathikawathkata perawadanak
260 ## - PUBLICATION, DISTRIBUTION, ETC.
Place of publication, distribution, etc. Colombo
Name of publisher, distributor, etc. Centre for policy Alternative
Date of publication, distribution, etc. 2014
300 ## - PHYSICAL DESCRIPTION
Extent (e.g. Volumes, Pages etc.) 102 p .,
500 ## - GENERAL NOTE
General note A preface to a civic discourse
942 ## - Koha item type (Biblio)
Koha item type Books in Stacks (Lending)
Holdings
Lost status Damaged status Collection code Home library Current library Shelving location Date acquired Full call number Accession Number Item type
    Lending WERC Library WERC Library Social Science Cupboard 03/31/2024 323.4 GUR 6835 Books in Stacks (Lending)

© WERC Library